Countries with the most combat aircraft - Statistics

General Stats
  • This quiz has been taken 55 times
  • The average score is 29 of 40
Answer Stats
# of Aircraft Country % Correct
2 740 United States
100%
1 511 Russia
98%
1 571 China
96%
142 United Kingdom
94%
266 France
92%
209 Germany
90%
694 India
90%
447 Pakistan
87%
152 Spain
87%
122 Brazil
85%
220 Iran
85%
268 Israel
85%
240 Japan
85%
572 North Korea
85%
338 Egypt
83%
364 Saudi Arabia
83%
205 Turkey
83%
109 Australia
81%
492 South Korea
81%
202 Italy
79%
71 Sweden
75%
75 Vietnam
75%
91 Poland
73%
98 Ukraine
73%
92 Thailand
71%
125 Algeria
67%
79 Indonesia
67%
288 Taiwan
67%
188 Greece
62%
83 Morocco
60%
120 United Arab Emirates
60%
226 Syria
58%
105 Belarus
48%
100 Singapore
46%
120 Kazakhstan
42%
76 Myanmar
42%
83 Sudan
35%
76 Yemen
33%
79 Uzbekistan
31%
89 Angola
19%
No matching quizzes found
Score Distribution
Percent of People with Each Score
Percentile by Number Answered
Your Score History
You have not taken this quiz